Competitiveness of the finnish agriculture after ten years in the EU

Fínske poľnohospodárstvo prešlo vstupom do EÚ radikálnymi zmenami. Zavedenie pravidiel spoločnej poľnohospodárskej politiky viedlo k zmenám v ekonomickom prostredí poľnohospodárstva aj spracovateľského priemyslu. Fínsko stratilo možnosť regulovať pôvodnú cenovú úroveň poľnohospodárskych produktov po...

Full description

Saved in:
Bibliographic Details
Main Author: Tomšík, Karel
Other Authors: Rosochatecká, Eva
Format: Book Chapter
Language:English
Subjects:
Tags: Add Tag
No Tags, Be the first to tag this record!

MARC

LEADER 00000naa$a2200000$$$4500
001 0067749
005 20240717104124.8
041 0 |a eng 
044 |a CZ 
245 1 0 |a Competitiveness of the finnish agriculture after ten years in the EU  |c Karel Tomšík, Eva Rosochatecká 
520 |a Fínske poľnohospodárstvo prešlo vstupom do EÚ radikálnymi zmenami. Zavedenie pravidiel spoločnej poľnohospodárskej politiky viedlo k zmenám v ekonomickom prostredí poľnohospodárstva aj spracovateľského priemyslu. Fínsko stratilo možnosť regulovať pôvodnú cenovú úroveň poľnohospodárskych produktov pomocou vlastných ochranárskych opatrení a exportných subvencií. Aj napriek konkurenčným nevýhodám, daným najmä nepriaznivými výrobnými podmienkami, fínske poľnohospodárstvo sa v konkurenčnom prostredí vnútorného trhu EÚ nestratilo. Rekapitulácia desaťročnej snahy fínskeho poľnohospodárstva o zabezpečenie konkurencieschopnosti v rámci vnútorného trhu EÚ. 
610 2 0 |a poľnohospodárstvo 
610 2 0 |a Fínsko 
610 2 0 |a trh vnútorný 
610 2 0 |a konkurencieschopnosť 
610 2 0 |a Európska únia 
100 1 |a Tomšík, Karel 
700 1 |a Rosochatecká, Eva